Регионална библиотека "Любен Каравелов" - Русе

Септемврийски нощи (Запис номер 94172)

MARC детайли
000 -Лидер
Контролно поле с фиксирана дължина 01623nam a2200361 c 4500
003 - Код на организацията, давaща контролен номер
Контролно поле BLK
005 - Дата и час на последна редакция
Контролно поле 20180422104909.0
008 - Елементи от данни с фиксирана дължина
fixed length control field 180408b bul|||||r ||||||| ||bul||
010 ## - Наследен системен номер
LC control number KNG00098990000
040 ## - Източник на каталожния запис
Идентификатор на билиотеката - собственик на записа BLK
041 ## - Код за език
Код за езика на текст/звукозапис или на отделно заглавие Български
Код за езика КДБФ Български
080 ## - УДК
Текстов определител УДК Обекти на художествено изображение
УДК код - определител по УДК 75.04
УДК определител (497.2)(092)
УДК - код + определител 75.04(497.2)(092)
080 ## - УДК
Текстов определител УДК Стоян Венев Илиев. Български живописец и карикатурист(1904-1989)
УДК код - определител по УДК 929 Венев, Стоян
УДК определител
УДК - код + определител 929 Венев, Стоян
139 ## - Редно поле
Редна дума Венев, Стоян
Авторски знак Вен - В 46
245 10 - Сведения за заглавието
Заглавие Септемврийски нощи
Редно поле (дума) състав. Величко Коларски; * Стоян Венев.
257 ## - Страна на издаване
Страна на създаване/издаване България
260 ## - Област на издателските данни
-- София
Име на издателя, разпространителя и проч. Бълг. художник
Година на издаване 1965
300 ## - Физическа характеристика
Страници 19 с.
Илюстрации и др. с репрод.
Размери/Мащаб 18 см
380 ## - Жанр
Жанр Изкуство
490 1# - СЕРИИ (Колекции)
Име на серия Библиотека Бележити творби
500 ## - Общи забележки
Забележка Авт. не е посочен на кор. - Пълното име на автора е Стоян Венев Илиев.
600 14 - Име на лице, използвано като предмет
За него / За нея Венев, Стоян
9 (RLIN) 305804
650 #4 - Допълнително описание по предмет – тема
Основно описание – тема или топоним Художници, български
9 (RLIN) 246650
653 ## - Ключова дума – ненормативна
Ключова дума български художници
653 ## - Ключова дума – ненормативна
Ключова дума Стоян Венев
700 1# - Други автори (авторска отговорност)
Лично име Коларски, Величко
Автороска отговорност (Описва отношението между автора и произведението) състав.
9 (RLIN) 305803
700 1# - Други автори (авторска отговорност)
Лично име Венев, Стоян
Автороска отговорност (Описва отношението между автора и произведението) *
Друга информация Илиев, Стоян Венев
9 (RLIN) 369036
852 ## - Местоположение
Форматна сигнатура Цб І 7342
856 4# - Електронен адрес и достъп
Електронен формат pdf - файл
Път до файла /url/
856 4# - Електронен адрес и достъп
Електронен формат pdf - файл
Път до файла /url/
942 ## - АРТИКУЛИ
Вид на библиотечния материал Книги
Скрит в OPAC Не
944 ## - СЪЗДАВАНЕ И РЕДАКЦИЯ на ЗАПИСА
Създаване/Редакция Създаване
Дата на регистрацията/редакция 20.01.2011
Статус, дата на статуса добави в АБ / 19.01.2011
Служител, извършил регистрацията/редакцията Ирена_Линкова
944 ## - СЪЗДАВАНЕ И РЕДАКЦИЯ на ЗАПИСА
Създаване/Редакция Редакция
Дата на регистрацията/редакция 07.08.2015
Статус, дата на статуса добави в АБ / 19.01.2011
Служител, извършил регистрацията/редакцията
999 ## - СИСТЕМНИ КОНТРОЛНИ НОМЕРА
Koha biblionumber 94172
Koha biblioitemnumber 94172
Наличности
Код за отписване Код за изгубен артикул Източник на класификационната схема Код за повреда Коз за рестрикции Код за отдаване Артикулен № Име на библиотеката - собственик Име на библиотеката, в която се намира в момента Статус (Текущо местоположение) Дата на вписване в системата Местоположение - отдел Цена в лева Инвентарен номер Систематично азбучна сигнатура Баркод Номер на екземпляра Цена в евро Служебна бележка Служебен тип на артикула
  Не е изгубен Universal Decimal Classification Не е повреден без рестрикции заемане за дома 151250 Регионална библиотека "Любен Каравелов" Русе Регионална библиотека "Любен Каравелов" Русе Отдел Изкуство - подръчен фонд 1965-01-01 Отдел Изкуство - подръчен фонд 0.21 6458/65 75.04/В 46 900000003926 1 0.11 Дост: Pk Вид: Ф N: стар фонд Дата: 01.01.1965 Дата инв: 07.06.2012 Бележки инв: * Книги
Изтеглен Не е изгубен Universal Decimal Classification Не е повреден без рестрикции заемане за дома 151251 Регионална библиотека "Любен Каравелов" Русе Регионална библиотека "Любен Каравелов" Русе Отдел Изкуство - подръчен фонд 1965-01-01 Отдел Изкуство - подръчен фонд 0.21 6459/65 ИП 75.04/В 46 6459/65 2 0.11 N: стар фонд Дата: 01.01.1965 Книги
  Не е изгубен Universal Decimal Classification Не е повреден само за читалня ползва се в читалня 151252 Регионална библиотека "Любен Каравелов" Русе Регионална библиотека "Любен Каравелов" Русе Хранилище 1965-01-01 Хранилище 0.21 5272/65 Цб І 7342 900000028395 3 0.11 N: стар фонд Дата: 01.01.1965 Книги
Vip Innovations Ltd, Rousse, Bulgaria 2025